[Event "Runwal Memorial op U15 Girls 29th"]
[Site "Mumbai"]
[Date "2012.09.23"]
[Round "6"]
[White "Shvetha, V."]
[Black "Meenu, Priya Se"]
[Result "1-0"]
[WhiteElo "1818"]
[BlackElo "1873"]
[PlyCount "243"]
[EventDate "2012.09.18"]
[EventType "swiss"]
[EventRounds "11"]
[EventCountry "IND"]
[SourceTitle "EXT 2013"]
[Source "ChessBase"]
[SourceDate "2012.11.22"]
[SourceVersion "1"]
[SourceVersionDate "2012.11.22"]
[SourceQuality "1"]

1. e4 c5 2. Nf3 Nc6 3. Bb5 g6 4. 0-0 Bg7 5. h3 e5 6. Bxc6 dxc6 7. Qe2 Ne7 8. d3 0-0 9. b3 f6 10. Bb2 g5 11. Ne1 Ng6 12. g4 Nf4 13. Qf3 h5 14. Ng2 hxg4 15. hxg4 Kf7 16. Nxf4 gxf4 17. Qe2 Rh8 18. f3 Bh6 19. Nd2 Be6 20. Kg2 Qd7 21. Rg1 Bg5 22. Rh1 Bh4 23. Rh3 Rag8 24. Rah1 Rxg4+ 25. fxg4 Bxg4 26. Rxh4 Bxe2 27. Rh7+ Ke6 28. Rxd7 Rxh1 29. Kxh1 Kxd7 30. Kg2 Ke6 31. Kf2 Bh5 32. Nf3 b6 33. Nh4 Bg4 34. c3 a6 35. d4 cxd4 36. cxd4 Bh5 37. Nf3 Bg6 38. dxe5 fxe5 39. Nd2 c5 40. Ke2 b5 41. Kd3 Bh5 42. Nb1 Bg6 43. Nc3 Kd6 44. a4 b4 45. Nb1 Bh5 46. Nd2 Bd1 47. Nc4+ Ke6 48. Na5 f3 49. Ke3 Kf6 50. Nb7 Bxb3 51. Nxc5 Bd1 52. a5 Be2 53. Nd3 Ke6 54. Nxe5 Bb5 55. Nxf3 Kd6 56. Kd4 Be2 57. Nd2 Kc6 58. Nc4 Kb5 59. Nd6+ Kxa5 60. e5 Bg4 61. Nb7+ Ka4 62. Nc5+ Kb5 63. e6 Bxe6 64. Nxe6 a5 65. Kd3 a4 66. Bd4 a3 67. Nc5 a2 68. Nb3 Ka4 69. Kc2 Kb5 70. Kb2 Kc4 71. Kxa2 Kd3 72. Kb2 Kc4 73. Bg7 Kd3 74. Bf8 Kc4 75. Nc5 Kd4 76. Kb3 Ke3 77. Kxb4 Kd4 78. Bg7+ Kd5 79. Kb5 Kd6 80. Kc4 Kc6 81. Be5 Kb6 82. Kd5 Ka7 83. Kc6 Ka8 84. Nd3 Ka7 85. Nb4 Ka8 86. Na6 Ka7 87. Nc5 Ka8 88. Kc7 Ka7 89. Bf4 Ka8 90. Nd3 Ka7 91. Nb4 Ka8 92. Bg3 Ka7 93. Bf2+ Ka8 94. Kb6 Kb8 95. Na6+ Ka8 96. Nc7+ Kb8 97. Bg3 Kc8 98. Kc6 Kb8 99. Bf2 Kc8 100. Ba7 Kd8 101. Nd5 Kc8 102. Ne7+ Kd8 103. Kd6 Ke8 104. Ke6 Kd8 105. Bb6+ Ke8 106. Nf5 Kf8 107. Nd6 Kg7 108. Kf5 Kh6 109. Ne4 Kg7 110. Nd6 Kh6 111. Ne8 Kh5 112. Bf2 Kh6 113. Bh4 Kh5 114. Be7 Kh6 115. Bg5+ Kh7 116. Kf6 Kg8 117. Kg6 Kf8 118. Nd6 Kg8 119. Bh6 Kh8 120. Ne8 Kg8 121. Nf6+ Kh8 122. Bg7# 1-0